Tennisti con più Titoli ATP Tour 250 - Statistics

Statistiche generali
  • Questo quiz è stato fatto 64 volte
  • Il punteggio medio è 6 su 13
Statistiche sulle risposte
Nazione Titoli ATP Tour 250 Tennista % Corretto
Svizzera 25 Roger Federer
95%
Stati Uniti 19 Andre Agassi
71%
Stati Uniti 20 Pete Sampras
66%
Regno Unito 17 Andy Murray
64%
Australia 22 Lleyton Hewitt
59%
Spagna 16 David Ferrer
54%
Croazia 16 Marin Čilić
41%
Austria 26 Thomas Muster
38%
Stati Uniti 21 Andy Roddick
36%
Francia 15 Richard Gasquet
30%
Russia 19 Evgenij Kafel'nikov
18%
Russia 16 Nikolaj Davydenko
13%
Stati Uniti 19 Michael Chang
5%
Nessun quiz corrispondente trovato
Distribuzione punteggi
Percentuale di utenti per punteggio
Percentile per numero di risposta
I tuoi punteggi nel tempo
Non hai fatto questo quiz